US States Changing Electoral Votes After 2020 - Statistics

General Stats
  • This quiz has been taken 36 times
    19 since last reset
  • The average score is 11 of 13
Answer Stats
Hint Answer % Correct
-1 California
94%
+1 Florida
94%
-1 New York
94%
+1 North Carolina
94%
-1 Ohio
94%
+2 Texas
94%
-1 Illinois
88%
+1 Montana
88%
-1 Pennsylvania
88%
+1 Oregon
81%
+1 Colorado
75%
-1 Michigan
75%
-1 West Virginia
63%
No matching quizzes found
Score Distribution
Percent of People with Each Score
Percentile by Number Answered
Your Score History
You have not taken this quiz since the last reset